Statistiques concernant paroles - j’oublie tout - Jul

Cliquez ici pour prendre le quiz!

Statistiques générales

  • Ce quiz a été pris 1 768 fois
  • Le résultat moyen est 305 sur 500

Statistiques - réponses

Réponse% Correct
Je
96%
« Je
96%
M’
96%
Tout
96%
De
95%
A
94%
À
94%
à
94%
P’
93%
Ce
92%
Et
90%
Me
90%
Des
89%
J’oublie
89%
Dis
87%
Un
87%
86%
La
86%
Soir
86%
Le
83%
Moi
81%
Jour
80%
Vie
80%
Est
79%
Que
79%
Ta
79%
T’a
79%
Fais
78%
Tous
78%
Courte,
77%
Quand
76%
Repense
75%
Fume
74%
Partira
74%
Détours
72%
Détours,
72%
Gros
72%
Mon
72%
Alors
71%
Chemin
71%
Chemin,
71%
Vos
71%
Discours,
70%
Il
70%
M’en
70%
Tape
70%
Bonheur
69%
Cherche
69%
Cours
69%
On
69%
Qu’on
69%
Grosse
68%
Etouffe
67%
Fait
67%
Barres,
66%
Derrière
66%
Ça
64%
Ça,
64%
Grosses
64%
Ma
64%
En
63%
J’ai
63%
Au
62%
Où? »
61%
Ou
61%
Rêve,
61%
Les
59%
Reste
59%
Suis
59%
Pas
58%
38
57%
Ans
57%
Qui
57%
Nique
56%
Niqué
56%
Patron:
55%
Y
55%
Deux
54%
Disais
54%
Mis
53%
Pour
52%
Sors
52%
C’est
51%
Embrouille,
51%
Embrouille
51%
Chez
50%
Fini
50%
Poto
50%
Sticks
50%
Mets
49%
Guette
48%
Même
48%
Ai
47%
Mal
47%
Fils
46%
J’entends
46%
Trop
46%
Tu
46%
Avec
45%
Dans
45%
Niquer
45%
Niquer,
45%
Palais,
45%
Dit,
44%
Famille
44%
Si,
44%
Si
44%
T’as
43%
As
42%
Comme
42%
Eux
42%
Faire
42%
Videurs
42%
Finit
41%
Piste
41%
Descente »
40%
Ils
40%
Veux
40%
Ci,
39%
Putes,
39%
Vite
39%
Calé,
38%
Chien
38%
Jul
38%
Miss
38%
Sais
38%
Autour
37%
Malade,
37%
Ont
37%
Stressante
37%
Gens,
36%
Nous
36%
Piqué
36%
Pourquoi
36%
S’est
36%
Tasse
36%
25
35%
Pleurs,
35%
Assumé
34%
Braquage,
34%
Faut
34%
Game
34%
Ne
34%
Profité
34%
Rajouté
34%
T’en
34%
Venu
34%
Arrive
33%
Briquet
33%
Coeur
33%
Jamais
33%
Leur
33%
Revenir
33%
Salopes
33%
Shakira
33%
Tomber
33%
5-5
32%
Vas-
32%
Coups
31%
Mais
30%
Rends-
30%
T’es
30%
tes
30%
Trainais
30%
« Akha
29%
Dégun
29%
Pauvre,
29%
Pistent
29%
Rappe
29%
Sur
29%
Avant
28%
Fou
28%
Fumer
28%
Merde,
28%
Sache
28%
Taser
28%
Ton
28%
Friqués
27%
Luné,
27%
Maintenant
27%
Piquer
27%
Sortir
27%
Virages
27%
Vu
27%
Buvette,
26%
Frerot
26%
Prends
26%
Rien
26%
Toi
26%
Bien
25%
Continue
25%
Roule
25%
Veut
25%
Vient
25%
Amour
24%
Casse
24%
Droite,
24%
Filles
24%
L’assumer
24%
Mère
24%
Quoi-
24%
Quoi
24%
T1
24%
Donné
23%
Mains
23%
N’en
23%
Potos,
23%
Potos
23%
Prouver,
23%
Prouver
23%
Qu’aiment
23%
Tête
23%
Histoire
22%
L’œil
22%
M’ont
22%
T’inquiète
22%
Couilles
21%
Embrouilles,
21%
Épaules,
21%
Face,
21%
Femme
21%
Maudissent
21%
Nuit
21%
Dise
20%
Fazer
20%
Folles
20%
Garde
20%
Perdent
20%
Blanche,
19%
D’un
19%
M’as
19%
Qu’ils
19%
Bitchs
18%
Esquive
18%
Frappait
18%
N’y
18%
D’une
16%
suffit
16%
Tekken
16%
Verre
16%
Branchent
15%
Youv’
15%
C’étaient
14%
Lol,
12%
Taule,
8%
Boie
7%
Diss
6%

Distribution des résultats

Percentile par nombre de réponses

% des personnes avec chaque résultat

Votre développement - résultats

Vous n’avez pas pris ce quiz